000 02928nam a2200409 i 4500
001 17626917
003 OSt
005 20250920151130.0
008 130215s2013 mau b 001 0 eng
010 _a 2012049323
020 _a9781611800708
035 _a17626917
040 _aDLC
_beng
_cDLC
_erda
_dDLC
042 _apcc
050 0 0 _aBQ7950.M557
_bK68 2013
082 0 0 _a294.3/4432
_223
084 _aREL007050
_aREL007030
_2bisacsh
100 0 _aKonchog Gyaltsen,
_cKhenchen.
245 1 0 _aOpening the treasure of the profound :
_bteachings on the songs of Jigten Sumgön and Milarepa /
_cKhenchen Konchog Gyaltshen ; edited by Khenmo Trinlay Chödron.
250 _aFirst edition.
264 1 _aBoston :
_bSnow Lion,
_c2013.
300 _axii, 276 pages ;
_c23 cm
336 _atext
_2rdacontent
_btxt
337 _aunmediated
_2rdamedia
_bn
338 _avolume
_2rdacarrier
_bnc
504 _aIncludes bibliographical references (pages 267-270) and index.
520 _a"In Tibet, vajra songs became popular when Milarepa gave teachings in that style to his disciples. His example influenced all Tibetan Buddhist schools, particularly the Kagyu lineages. People commonly memorized such songs and sang them with beautiful melodies. But vajra songs are much more than pleasant tunes or ordinary poetry. A vajra song reflects the enlightened mind of its author by encapsulating precisely profound meaning in just a few words. Thus, it can be difficult for the unenlightened to penetrate their meaning. Khenchen Konchog Gyaltshen learned to sing vajra songs at his mother's knee. Later in life, he learned of their profound meaning from masters of Tibetan Buddhism, which allowed him to finally experience their depth in solitary retreat. Rinpoche brings this tradition into a Western context by translating songs composed by iconic Buddhist figures and explaining them in contemporary terms. Rinpoche presents the outer and inner meaning of nine vajra songs by Milarepa (ca. 1052-1135) and Jigten Sumgon (1143-1217). He describes the Buddhist path of wisdom and compassion that leads to ultimate peace and happiness, and shows how to develop our mental qualities. In ancient times, these teachings were given to help others reach spiritual maturity. Here, we are invited into the world of transmission from master to disciple in order to discover truth for ourselves--to open the eye of wisdom that reveals the mind that cannot be seen"--
_cProvided by publisher.
600 0 0 _aMi-la-ras-pa,
_d1040-1123.
600 0 0 _aʼBri-guṅ Chos-rje ʼJig-rten-mgon-po,
_d1143-1217.
650 0 _aSpiritual life
_xBkaʼ-brgyud-pa (Sect)
650 0 _aTantric Buddhism.
650 7 _aRELIGION / Buddhism / Tibetan.
_2bisacsh
650 7 _aRELIGION / Buddhism / Sacred Writings.
_2bisacsh
700 0 _aTrinlay Chödron,
_cKhenmo,
_d1953-
906 _a7
_bcbc
_corignew
_d1
_eecip
_f20
_gy-gencatlg
942 _2LCS
_cBOOK
_n0
999 _c2778
_d2778